[Event "Irish New Year Events-IM1 2020"]
[Site "Dublin"]
[Date "2020.01.06"]
[Round "8.9"]
[White "Melaugh, Shane"]
[Black "Hammar, Bengt"]
[Result "1-0"]
[WhiteElo "2207"]
[BlackElo "2175"]
[Annotator "ChessBase"]
[PlyCount "75"]
[EventDate "2020.01.02"]
[EventType "tourn"]
[EventCountry "IRL"]
[SourceTitle "playchess.com"]
[Source "ChessBase"]
[SourceQuality "1"]
[TimeControl "40/5400+30:1800+30"]

1. c4 {[%emt 0:27:19]} e5 {[%emt 0:02:00]} 2. Nc3 {[%emt 0:00:18]} Nf6 {[%emt 0:00:25]} 3. Nf3 {[%emt 0:00:05]} Nc6 {[%emt 0:00:07]} 4. e4 {[%emt 0:00:03]} g6 {[%emt 0:02:35]} 5. d4 {[%emt 0:00:19]} exd4 {[%emt 0:01:29]} 6. Nxd4 {[%emt 0:00:08]} d6 {[%emt 0:02:01]} 7. Be2 {[%emt 0:00:32]} Bg7 {[%emt 0:00:19]} 8. Be3 {[%emt 0:00:09]} O-O {[%emt 0:00:46]} 9. f3 {[%emt 0:02:35]} Re8 {[%emt 0:00:59]} 10. Qd2 {[%emt 0:00:18]} Be6 {[%emt 0:09:53]} 11. O-O-O {[%emt 0:04:01]} a6 {[%emt 0:03:17]} 12. Nxe6 {[%emt 0:00:58]} Rxe6 {[%emt 0:00:46]} 13. g4 {[%emt 0:02:05]} Re8 {[%emt 0:05:01]} 14. Bh6 {[%emt 0:02:43]} Ne5 {[%emt 0:04:33]} 15. Bxg7 {[%emt 0:01:40]} Kxg7 {[%emt 0:01:05]} 16. g5 {[%emt 0:00:13]} Ng8 {[%emt 0:01:24]} 17. f4 {[%emt 0:00:57]} Nd7 {[%emt 0:00:16]} 18. h4 {[%emt 0:07:01]} Nc5 {[%emt 0:03:59]} 19. Qd4+ {[%emt 0:01:23]} Kf8 {[%emt 0:00:45]} 20. f5 {[%emt 0:01:50]} Qe7 {[%emt 0:04:53]} 21. Qh8 {[%emt 0:01:10]} f6 {[%emt 0:01:21]} 22. gxf6 {[%emt 0:05:24]} Qxf6 {[%emt 0:00:45]} 23. Qxh7 {[%emt 0:00:24]} gxf5 {[%emt 0:02:28]} 24. Nd5 {[%emt 0:08:15]} Qh6+ {[%emt 0:01:47]} 25. Qxh6+ {[%emt 0:00:05]} Nxh6 {[%emt 0:00:06]} 26. Nxc7 {[%emt 0:00:04]} Nxe4 {[%emt 0:00:10]} 27. Nxa8 {[%emt 0:00:22]} Rxa8 {[%emt 0:00:01]} 28. Rhf1 {[%emt 0:00:42]} Ke7 {[%emt 0:01:13]} 29. Bd3 {[%emt 0:00:08]} Rc8 {[%emt 0:01:06]} 30. Kb1 {[%emt 0:00:46]} Ke6 {[%emt 0:02:34]} 31. Bxe4 {[%emt 0:03:16]} fxe4 {[%emt 0:00:05]} 32. Rd4 {[%emt 0:00:06]} Ke5 {[%emt 0:00:32]} 33. Rd5+ {[%emt 0:00:06]} Ke6 {[%emt 0:00:02]} 34. Rh5 {[%emt 0:00:18]} Nf7 {[%emt 0:01:53]} 35. b3 {[%emt 0:00:53]} b5 {[%emt 0:00:47]} 36. Re1 {[%emt 0:00:23]} bxc4 {[%emt 0:01:32]} 37. Rxe4+ {[%emt 0:00:05]} Ne5 {[%emt 0:00:08]} 38. bxc4 {[%emt 0:00:10]} 1-0

[Event "Irish New Year Events-IM1 2020"]
[Site "Dublin"]
[Date "2020.01.06"]
[Round "9.7"]
[White "Hammar, Bengt"]
[Black "Kanyamarala, Tarun"]
[Result "0-1"]
[WhiteElo "2175"]
[BlackElo "2320"]
[Annotator "ChessBase"]
[PlyCount "54"]
[EventDate "2020.01.02"]
[EventType "tourn"]
[EventCountry "IRL"]
[SourceTitle "playchess.com"]
[Source "ChessBase"]
[SourceQuality "1"]
[TimeControl "40/5400+30:1800+30"]

1. e4 {[%emt 0:00:04]} c6 {[%emt 0:00:00]} 2. d4 {[%emt 0:00:42]} d5 {[%emt 0:00:09]} 3. Nc3 {[%emt 0:00:19]} dxe4 {[%emt 0:00:11]} 4. Nxe4 {[%emt 0:00:07]} Nf6 {[%emt 0:00:06]} 5. Nxf6+ {[%emt 0:00:15]} exf6 {[%emt 0:02:24]} 6. c3 {[%emt 0:02:54]} Bd6 {[%emt 0:00:02]} 7. Bd3 {[%emt 0:00:11]} O-O {[%emt 0:00:08]} 8. Qc2 {[%emt 0:01:01]} Re8+ {[%emt 0:00:02]} 9. Ne2 {[%emt 0:00:09]} h5 {[%emt 0:00:08]} 10. Be3 {[%emt 0:01:48]} Nd7 {[%emt 0:00:05]} 11. O-O-O {[%emt 0:03:38]} Nf8 {[%emt 0:00:14]} 12. Kb1 {[%emt 0:02:10]} Be6 {[%emt 0:00:03]} 13. Nf4 {[%emt 0:10:09]} Bxf4 {[%emt 0:01:02]} 14. Bxf4 {[%emt 0:00:52]} b5 {[%emt 0:00:40]} 15. Rhe1 {[%emt 0:04:00]} a5 {[%emt 0:08:58]} 16. Re2 {[%emt 0:05:42]} Qd5 {[%emt 0:12:34]} 17. b3 {[%emt 0:00:18]} a4 {[%emt 0:00:30]} 18. c4 {[%emt 0:04:49]} axb3 {[%emt 0:00:41]} 19. axb3 {[%emt 0:00:15]} bxc4 {[%emt 0:05:19]} 20. bxc4 {[%emt 0:00:18]} Qxg2 {[%emt 0:09:00]} 21. Be4 {[%emt 0:04:16]} Qg4 {[%emt 0:00:18]} 22. Bc7 {[%emt 0:01:30]} Bxc4 {[%emt 0:07:47]} 23. Re3 {[%emt 0:04:47]} Ba2+ {[%emt 0:02:19]} 24. Kc1 {[%emt 0:00:15]} Bd5 {[%emt 0:00:48]} 25. f3 {[%emt 0:01:54]} Qd7 {[%emt 0:02:34]} 26. Bf4 {[%emt 0:01:34]} Ra1+ {[%emt 0:00:13]} 27. Kd2 {[%emt 0:00:10]} Ra2 {[%emt 0:00:16]} 0-1

[Event "Irish New Year Events-IM1 2020"]
[Site "Dublin"]
[Date "2020.01.06"]
[Round "9.8"]
[White "Waters, Michael"]
[Black "Melaugh, Shane"]
[Result "0-1"]
[WhiteElo "2130"]
[BlackElo "2207"]
[Annotator "ChessBase"]
[PlyCount "182"]
[EventDate "2020.01.02"]
[EventType "tourn"]
[EventCountry "IRL"]
[SourceTitle "playchess.com"]
[Source "ChessBase"]
[SourceQuality "1"]
[TimeControl "40/5400+30:1800+30"]

1. Nf3 {[%emt 0:00:00]} e6 {[%emt 0:00:17]} 2. b3 {[%emt 0:00:00]} f5 {[%emt 0:00:06]} 3. Bb2 {[%emt 0:00:12]} Nf6 {[%emt 0:00:06]} 4. d4 {[%emt 0:01:08]} Be7 {[%emt 0:00:05]} 5. e3 {[%emt 0:00:31]} O-O {[%emt 0:00:11]} 6. Bd3 {[%emt 0:00:34]} b6 {[%emt 0:00:33]} 7. Nbd2 {[%emt 0:01:34]} Bb7 {[%emt 0:00:06]} 8. Qe2 {[%emt 0:00:48]} Ne4 {[%emt 0:02:44]} 9. Bxe4 {[%emt 0:05:53]} fxe4 {[%emt 0:00:20]} 10. Ne5 {[%emt 0:00:19]} d6 {[%emt 0:00:18]} 11. Nec4 {[%emt 0:00:32]} d5 {[%emt 0:03:17]} 12. Ne5 {[%emt 0:00:40]} Nc6 {[%emt 0:00:36]} 13. f4 {[%emt 0:01:37]} Nxe5 {[%emt 0:03:16]} 14. dxe5 {[%emt 0:01:12]} c5 {[%emt 0:00:06]} 15. O-O {[%emt 0:04:39]} Qe8 {[%emt 0:01:21]} 16. Qg4 {[%emt 0:00:43]} Rf5 {[%emt 0:00:05]} 17. Rae1 {[%emt 0:01:59]} h5 {[%emt 0:00:25]} 18. Qh3 {[%emt 0:05:00]} Qg6 {[%emt 0:02:19]} 19. Kh1 {[%emt 0:00:10]} Kf7 {[%emt 0:07:18]} 20. Rg1 {[%emt 0:10:53]} Qg4 {[%emt 0:02:14]} 21. Qxg4 {[%emt 0:08:11]} hxg4 {[%emt 0:00:03]} 22. g3 {[%emt 0:00:31]} Rd8 {[%emt 0:05:59]} 23. h4 {[%emt 0:01:05]} b5 {[%emt 0:02:04]} 24. Kh2 {[%emt 0:00:57]} Rh5 {[%emt 0:00:32]} 25. Re2 {[%emt 0:02:30]} g5 {[%emt 0:00:34]} 26. fxg5 {[%emt 0:00:36]} Bxg5 {[%emt 0:00:03]} 27. Kg2 {[%emt 0:02:07]} Bh6 {[%emt 0:01:04]} 28. Rf1+ {[%emt 0:00:41]} Ke7 {[%emt 0:01:09]} 29. Rf6 {[%emt 0:00:49]} d4 {[%emt 0:00:30]} 30. Nf1 {[%emt 0:01:50]} Bg7 {[%emt 0:01:26]} 31. exd4 {[%emt 0:06:01]} cxd4 {[%emt 0:00:37]} 32. Ba3+ {[%emt 0:00:14]} Kd7 {[%emt 0:02:19]} 33. Rf7+ {[%emt 0:01:28]} Kc8 {[%emt 0:00:04]} 34. Rxg7 {[%emt 0:00:40]} e3+ {[%emt 0:01:24]} 35. Rxb7 {[%emt 0:00:48]} Kxb7 {[%emt 0:00:02]} 36. Bd6 {[%emt 0:00:22]} b4 {[%emt 0:02:46]} 37. Nh2 {[%emt 0:01:37]} Rg8 {[%emt 0:00:03]} 38. Kf1 {[%emt 0:01:21]} Kc6 {[%emt 0:00:34]} 39. Ke1 {[%emt 0:04:29]} a5 {[%emt 0:00:21]} 40. Be7 {[%emt 0:06:29]} Rxe5 {[%emt 0:00:33]} 41. Bg5 {[%emt 0:30:14]} Re4 {[%emt 0:30:03]} 42. Bf4 {[%emt 0:01:38]} Kd5 {[%emt 0:03:10]} 43. Nf1 {[%emt 0:01:49]} Rc8 {[%emt 0:01:23]} 44. Kd1 {[%emt 0:01:25]} Rf8 {[%emt 0:00:47]} 45. Nh2 {[%emt 0:01:07]} a4 {[%emt 0:00:55]} 46. bxa4 {[%emt 0:01:23]} e5 {[%emt 0:06:33]} 47. Bg5 {[%emt 0:02:01]} Ra8 {[%emt 0:00:07]} 48. Kc1 {[%emt 0:01:03]} Rxa4 {[%emt 0:00:50]} 49. Kb2 {[%emt 0:00:04]} Ra7 {[%emt 0:01:19]} 50. Nf1 {[%emt 0:04:55]} Rf7 {[%emt 0:00:29]} 51. Re1 {[%emt 0:00:14]} Rf5 {[%emt 0:02:35]} 52. Kb3 {[%emt 0:01:14]} Rf3 {[%emt 0:00:33]} 53. Kb2 {[%emt 0:00:04]} Kc4 {[%emt 0:00:21]} 54. Bh6 {[%emt 0:01:52]} Rf2 {[%emt 0:02:43]} 55. Bg5 {[%emt 0:00:43]} Rf3 {[%emt 0:03:15]} 56. Bh6 {[%emt 0:00:16]} Kd5 {[%emt 0:00:39]} 57. Bg5 {[%emt 0:00:13]} Ke6 {[%emt 0:00:08]} 58. Bh6 {[%emt 0:01:29]} Kf5 {[%emt 0:00:08]} 59. Bg5 {[%emt 0:00:22]} Kg6 {[%emt 0:00:06]} 60. Be7 {[%emt 0:00:25]} e2 {[%emt 0:00:23]} 61. Nd2 {[%emt 0:00:32]} Ree3 {[%emt 0:00:10]} 62. Bxb4 {[%emt 0:01:07]} Rxg3 {[%emt 0:00:08]} 63. a4 {[%emt 0:00:16]} Rh3 {[%emt 0:05:03]} 64. Be7 {[%emt 0:00:46]} Kf5 {[%emt 0:02:33]} 65. a5 {[%emt 0:00:59]} Ke6 {[%emt 0:00:05]} 66. Bg5 {[%emt 0:00:24]} Ra3 {[%emt 0:00:07]} 67. Rxe2 {[%emt 0:00:53]} Rxa5 {[%emt 0:00:07]} 68. Rg2 {[%emt 0:02:17]} Rb5+ {[%emt 0:01:29]} 69. Ka2 {[%emt 0:00:26]} Rc3 {[%emt 0:00:36]} 70. Ne4 {[%emt 0:00:56]} Rc7 {[%emt 0:02:20]} 71. Bc1 {[%emt 0:00:49]} Rc6 {[%emt 0:03:35]} 72. Ba3 {[%emt 0:03:30]} Kd5 {[%emt 0:00:12]} 73. Nc5 {[%emt 0:01:44]} Ra5 {[%emt 0:03:51]} 74. Nb3 {[%emt 0:00:31]} Ra7 {[%emt 0:00:03]} 75. Kb2 {[%emt 0:01:14]} Rg7 {[%emt 0:00:59]} 76. h5 {[%emt 0:00:20]} Rg5 {[%emt 0:00:15]} 77. Bf8 {[%emt 0:00:23]} Rg8 {[%emt 0:01:47]} 78. Bb4 {[%emt 0:01:24]} Rh6 {[%emt 0:00:09]} 79. Be1 {[%emt 0:00:36]} Rxh5 {[%emt 0:00:07]} 80. Bg3 {[%emt 0:00:13]} Rh3 {[%emt 0:00:34]} 81. Kc1 {[%emt 0:00:35]} e4 {[%emt 0:00:05]} 82. Kd1 {[%emt 0:00:26]} e3 {[%emt 0:01:25]} 83. Rg1 {[%emt 0:01:48]} Ke4 {[%emt 0:00:17]} 84. Ke2 {[%emt 0:01:03]} Rc8 {[%emt 0:00:10]} 85. Kd1 {[%emt 0:00:11]} Rc3 {[%emt 0:01:00]} 86. Be1 {[%emt 0:00:14]} e2+ {[%emt 0:02:30]} 87. Kc1 {[%emt 0:00:21]} Rc8 {[%emt 0:06:20]} 88. Rxg4+ {[%emt 0:00:10]} Kf5 {[%emt 0:01:20]} 89. Rxd4 {[%emt 0:03:12]} Rxb3 {[%emt 0:00:08]} 90. Kd2 {[%emt 0:00:10]} Rb1 {[%emt 0:01:20]} 91. Rd7 {[%emt 0:01:20]} Rd1+ {[%emt 0:00:30]} 0-1

[Event "Irish New Year Events-IM1 2020"]
[Site "Dublin"]
[Date "2020.01.06"]
[Round "9.9"]
[White "Ahlander, Bjorn"]
[Black "Delaney, Killian"]
[Result "1/2-1/2"]
[WhiteElo "2418"]
[BlackElo "2278"]
[Annotator "RC"]
[PlyCount "122"]
[EventDate "2020.01.02"]
[EventType "tourn"]
[EventCountry "IRL"]
[SourceTitle "playchess.com"]
[Source "ChessBase"]
[SourceQuality "1"]
[TimeControl "40/5400+30:1800+30"]

1. d4 {[%emt 0:00:00]} d5 {[%emt 0:00:03]} 2. c4 {[%emt 0:00:00]} Nc6 {[%emt 0:00:07]} 3. Nc3 {[%emt 0:00:08]} Nf6 {[%emt 0:00:07]} 4. Nf3 {[%emt 0:00:19]} dxc4 {[%emt 0:00:09]} 5. d5 {[%emt 0:00:40]} Na5 {[%emt 0:00:09]} 6. Qa4+ {[%emt 0:01:16]} c6 {[%emt 0:00:08]} 7. b4 {[%emt 0:00:28]} b5 {[%emt 0:01:20]} 8. Qxa5 {[%emt 0:01:38]} Qxa5 {[%emt 0:00:12]} 9. bxa5 {[%emt 0:00:04]} b4 {[%emt 0:00:11]} 10. e4 {[%emt 0:15:10]} bxc3 {[%emt 0:01:41]} 11. Bxc4 {[%emt 0:00:29]} Nxe4 {[%emt 0:12:36]} 12. O-O {[%emt 0:00:47]} Nd6 {[%emt 0:00:32]} 13. Bb3 {[%emt 0:00:45]} cxd5 {[%emt 0:02:24]} 14. Bxd5 {[%emt 0:01:05]} Bb7 {[%emt 0:00:11]} 15. Bxb7 {[%emt 0:12:38]} Nxb7 {[%emt 0:00:10]} 16. Be3 {[%emt 0:00:28]} e6 {[%emt 0:10:02]} 17. Rfc1 {[%emt 0:05:27]} Ba3 {[%emt 0:01:06]} 18. Rc2 {[%emt 0:06:03]} Bb2 {[%emt 0:00:41]} 19. Rb1 {[%emt 0:01:10]} O-O {[%emt 0:07:47]} 20. Bc1 {[%emt 0:04:18]} Nxa5 {[%emt 0:01:49]} 21. Bxb2 {[%emt 0:01:10]} cxb2 {[%emt 0:00:06]} 22. Rbxb2 {[%emt 0:01:05]} Rfc8 {[%emt 0:02:39]} 23. g3 {[%emt 0:00:44]} h6 {[%emt 0:11:39]} 24. Ne5 {[%emt 0:02:21]} f6 {[%emt 0:01:54]} 25. Nd3 {[%emt 0:04:07]} e5 {[%emt 0:00:33]} 26. h4 {[%emt 0:02:01]} Rxc2 {[%emt 0:05:51]} 27. Rxc2 {[%emt 0:00:03]} Rd8 {[%emt 0:00:07]} 28. Rc3 {[%emt 0:06:04]} Rd4 {[%emt 0:02:27]} 29. Nb2 {[%emt 0:06:53]} Rd2 {[%emt 0:02:19]} 30. Ra3 {[%emt 0:00:40]} Nc6 {[%emt 0:12:27]} 31. Nc4 {[%emt 0:00:09]} Rd5 {[%emt 0:03:28]} 32. Ra6 {[%emt 0:05:22]} Rc5 {[%emt 0:00:16]} 33. Nd6 {[%emt 0:01:05]} h5 {[%emt 0:04:06]} 34. Kg2 {[%emt 0:00:34]} Rc2 {[%emt 0:00:25]} 35. Nc8 {[%emt 0:04:42]} Nb4 {[%emt 0:01:11]} 36. Ne7+ {[%emt 0:00:44]} Kf7 {[%emt 0:01:26]} 37. Rxa7 {[%emt 0:00:43]} Rxa2 {[%emt 0:00:10]} 38. Rc7 {[%emt 0:03:10]} Nd3 {[%emt 0:00:55]} 39. Kf3 {[%emt 0:00:18]} Ke6 {[%emt 0:01:42]} 40. Nc8 {[%emt 0:05:17]} Nxf2 {[%emt 0:06:47]} 41. Rxg7 {[%emt 0:30:49]} Ng4 {[%emt 0:30:43]} 42. Re7+ {[%emt 0:00:59]} Kd5 {[%emt 0:00:15]} 43. Rd7+ {[%emt 0:02:33]} Kc6 {[%emt 0:00:43]} 44. Rf7 {[%emt 0:00:14]} Rf2+ {[%emt 0:02:31]} 45. Ke4 {[%emt 0:00:04]} Re2+ {[%emt 0:00:07]} 46. Kf3 {[%emt 0:00:38]} Re3+ {[%emt 0:00:08]} 47. Kg2 {[%emt 0:00:02]} e4 {[%emt 0:00:03]} 48. Ne7+ {[%emt 0:01:02]} Kd6 {[%emt 0:01:16]} 49. Rh7 {[%emt 0:01:27]} Re2+ {[%emt 0:00:09]} 50. Kg1 {[%emt 0:00:09]} e3 {[%emt 0:01:19]} 51. Nf5+ {[%emt 0:00:25]} Ke5 {[%emt 0:00:18]} 52. Rxh5 {[%emt 0:01:40]} Ke4 {[%emt 0:00:13]} 53. Nd6+ {[%emt 0:00:51]} Kf3 {[%emt 0:00:12]} 54. Rf5+ {[%emt 0:00:29]} Kxg3 {[%emt 0:00:17]} 55. Ne4+ {[%emt 0:00:04]} Kxh4 {[%emt 0:02:38]} 56. Nxf6 {[%emt 0:00:39]} Nxf6 {[%emt 0:02:35]} 57. Rxf6 {[%emt 0:00:15]} Re1+ {[%emt 0:00:11]} 58. Kg2 {[%emt 0:00:52]} Kg4 {[%emt 0:00:20]} 59. Rb6 {[%emt 0:01:39]} e2 {[%emt 0:01:25]} 60. Rb4+ {[%emt 0:00:24]} Kf5 {[%emt 0:00:11]} 61. Kf2 {[%emt 0:00:15]} Ke5 {[%emt 0:03:03]} 1/2-1/2

[Event "Irish New Year Events-IM1 2020"]
[Site "Dublin"]
[Date "2020.01.06"]
[Round "9.10"]
[White "Venkatesan, Kavin"]
[Black "Baker, Chris W"]
[Result "1/2-1/2"]
[WhiteElo "1815"]
[BlackElo "2225"]
[Annotator "ChessBase"]
[PlyCount "37"]
[EventDate "2020.01.02"]
[EventType "tourn"]
[EventCountry "IRL"]
[SourceTitle "playchess.com"]
[Source "ChessBase"]
[SourceQuality "1"]
[TimeControl "40/5400+30:1800+30"]

1. d4 {[%emt 0:00:00]} d5 {[%emt 0:00:00]} 2. c4 {[%emt 0:00:00]} Nc6 {[%emt 0:00:00]} 3. e3 {[%emt 0:01:31]} dxc4 {[%emt 0:08:16]} 4. Bxc4 {[%emt 0:00:22]} e5 {[%emt 0:01:16]} 5. d5 {[%emt 0:04:06]} Nce7 {[%emt 0:01:22]} 6. Nc3 {[%emt 0:07:44]} Ng6 {[%emt 0:02:39]} 7. Nge2 {[%emt 0:00:57]} Nf6 {[%emt 0:04:20]} 8. O-O {[%emt 0:01:13]} Bd6 {[%emt 0:01:19]} 9. Ng3 {[%emt 0:06:11]} O-O {[%emt 0:02:43]} 10. e4 {[%emt 0:00:10]} a6 {[%emt 0:03:06]} 11. a4 {[%emt 0:00:43]} Kh8 {[%emt 0:03:47]} 12. b3 {[%emt 0:07:22]} Qe7 {[%emt 0:12:13]} 13. Qc2 {[%emt 0:09:48]} Nf4 {[%emt 0:03:51]} 14. f3 {[%emt 0:06:46]} N6h5 {[%emt 0:05:23]} 15. Bxf4 {[%emt 0:04:55]} Nxf4 {[%emt 0:01:08]} 16. Nce2 {[%emt 0:03:01]} Qf6 {[%emt 0:05:51]} 17. Kh1 {[%emt 0:02:31]} g6 {[%emt 0:02:55]} 18. Qb2 {[%emt 0:05:46]} Kg7 {[%emt 0:01:55]} 19. Rae1 {[%emt 0:04:29]} 1/2-1/2